Europejskie kraje, które w przeszłości napadały na Polskę - Statystyki

Ogólne statystyki
  • Ten quiz został rozwiązany 3 614 razy
    2 791 od ostatniego zresetowania
  • Średni wynik to 9 z 12
Statystyki odpowiedzi
Kraj % Poprawnych
2 Rosja
100%
1 Niemcy
99%
5 Szwecja
87%
4 Austria
84%
9 Czechy
84%
10 Ukraina
84%
3 Francja
78%
6 Litwa
78%
7 Węgry
76%
8 Słowacja
74%
12 Turcja
69%
11 Mołdawia
24%
Nie znaleziono quizów pasujących do podanych kryteriów
Rozkład punktacji
Procent ludzi z każdym wynikiem
Percentyl według liczby udzielonych odpowiedzi
Twoja historia wyników
Nie rozwiązałeś tego quizu od ostatniego zresetowania